Statistics for New York Knicks Leaders Per Year

Click here to take the quiz!

General Stats

  • This quiz has been taken 233 times
    (37 since last reset)
  • The average score is 23 of 95

Answer Stats

Player % Correct
Patrick Ewing
97%
Carmelo Anthony
94%
Greg Anthony
91%
Kristaps Porzingis
78%
Walt Frazier
78%
Mitchell Robinson
66%
Jarrett Jack
66%
Truck Robinson
63%
Phil Jackson
63%
Amar'e Stoudemire
63%
Nate Robinson
63%
John Starks
59%
Willis Reed
59%
Mark Jackson
59%
Bernard King
53%
Stephon Marbury
50%
Wilson Chandler
47%
Tyson Chandler
47%
Allan Houston
47%
Latrell Sprewell
44%
Courtney Lee
44%
Jason Kidd
41%
David Lee
41%
Jeremy Lin
38%
Marcus Camby
38%
Charles Oakley
38%
Tim Hardaway Jr.
38%
Earl Monroe
34%
Dave DeBusschere
34%
Micheal Ray Richardson
31%
Kurt Thomas
31%
Ray Williams
31%
Enes Kanter
28%
Jamal Crawford
28%
Charlie Ward
22%
Emmanuel Mudiay
22%
Richie Guerin
22%
Bill Cartwright
22%
Anthony Mason
22%
Raymond Felton
22%
Eddy Curry
19%
Iman Shumpert
19%
Johnny Green
19%
Joakim Noah
19%
Zach Randolph
16%
Chris Childs
16%
Jose Calderon
16%
Walt Bellamy
13%
Bob McAdoo
13%
Jerry Lucas
13%
Dick McGuire
13%
Carl Braun
13%
Maurice Lucas
13%
Harry Gallatin
13%
Derek Harper
13%
Al Harrington
13%
Pat Cummings
9%
Darrell Walker
9%
Dikembe Mutombo
9%
Mario Hezonja
6%
Max Zaslofsky
6%
Willie Naulls
6%
Spencer Haywood
6%
Howard Eisley
6%
Rory Sparrow
6%
Gerald Henderson
6%
Trent Tucker
6%
Maurice Cheeks
3%
Jared Jeffries
3%
Shane Larkin
3%
Bob Boozer
3%
Rod Strickland
3%
Chris Duhon
3%
Howard Komives
3%
Langston Galloway
3%
Kenny Sears
3%
Brandon Jennings
3%
Vince Boryla
3%
Butch Beard
3%
Paul Westphal
3%
Nathaniel Clifton
0%
Sid Tanenbaum
0%
Bud Palmer
0%
Ron Cavenall
0%
Johnny Egan
0%
Samuel Dalembert
0%
Andrea Bargnani
0%
Larry Hughes
0%
Marvin Webster
0%
Renaldo Balkman
0%
John Gianelli
0%
Trevor Ariza
0%
Ed Sherod
0%
Joe Meriweather
0%
Ossie Schectman
0%

Score Distribution

Percentile by Number Answered

Percent of People with Each Score

Your Score History

You have not taken this quiz since the last reset